000 00772nam a2200253Ia 4500
003 OSt
005 20221002045433.0
006 a|||||r|||| 00| 0
007 ta
008 220930b |||||||| |||| 00| 0 eng d
020 _a9781844656127 (pbk)
_c2071.55
024 _a9760
037 _bBBS/108, 03/02/2014, Better Book Service
_cReference Collections
040 _aCRL
_cCRL
_beng
041 _2eng
_aeng
082 _aR85v, Q0.4(RR)
100 _aSchrift Alan D Ed.
245 0 _aHistory of continental philosophy
260 _aDurham
_bAcumen
_c2010
490 _vVol.4
650 _aPHILOSOPHY
942 _hR85v, Q0.4(RR)
_cref
_2CC
999 _c912376
_d912376